000 00549ntaaa2200193 4500
003 01
005 20251027202808.0
008 0714s1973 ag 01
040 _aAR-BaBN
_bspa
_cAR-BaBN
_eaacr
_dRIC
082 _a868.0000 R47
100 _aRíos, Roberto E
_911780
245 _aLa novela y el hombre hispano-americano
250 _a1 ed.
260 _aBuenos Aires :
_bAurora,
_cc1969
300 _a132 p
500 _aEl destino humano en la novela hispano-americana contemporánea
650 _aliteratura latinoamericana
_928268
942 _cBK
999 _c23293
_d23293